GTA V Quiz - Statistics

General Stats
  • This quiz has been taken 454 times
  • The average score is 6 of 15
Answer Stats
Hint Answer % Correct
Man who becomes their friend early on Franklin
98%
Friend of above Trevor
96%
Main Character of the story Michael
94%
dog of above Chop
81%
Where T lives Sandy Shores
49%
aunt of above Denise
47%
rival affiliation Ballas
28%
Best friend of above Lamar Davis
27%
Where M lives Vinewood Hills
18%
Second Heist Paleto Score
7%
Where Frank lives Chamberlain
6%
First Heist Jewel Store Job
5%
Third Heist The Bureau Raid
3%
affiliation above is in Chamberlain Family
2%
The Big Score amount/take 216,000,000
1%
No matching quizzes found
Score Distribution
Percent of People with Each Score
Percentile by Number Answered
Your Score History
You have not taken this quiz